مذكرات عزة فهمي أحلام لا تنتهي / (رقم التسجيلة. 247777)

تفاصيل مارك
000 -الفاتح
عناصر البيانات ثابتة الطول 00887nam a22002537i 4500
005 - تاريخ ووقت آخر معاملة
حقل ضبط 20260108115637.0
008 - عناصر البيانات ثابتة الطول
عناصر البيانات ثابتة الطول 250906s2025 ua a|||gr|||| 00| 0 ara d
020 ## - الترقيم الدولي المعياري للكتب (ردمك)
الترقيم الدولي المعياري للكتب (ردمك) 9789777953399
040 ## - مصدر الفهرسة
هيئة الفهرسة الأصلية JO-AmGAM
قواعد الوصف rda
082 14 - رقم تصنيف ديوي العشري
رقم التصنيف 920
رقم المادة ف ه م
100 1# - مدخل رئيسي – اسم شخصي
الاسم الشخصي فهمي، عزة
علاقة الشخص بالعمل/ دوره مؤلف.
245 ## - بيان العنوان
العنوان مذكرات عزة فهمي أحلام لا تنتهي /
بيان المسؤولية فكرة الإخراج الفني للكتاب عزة فهمي.
250 ## - بيان الطبعة
بيان الطبعة الطبعة الخامسة.
264 31 - بيانات النشر، التوزيع…إلخ
مكان النشر، التوزيع...إلخ القاهرة :
اسم الناشر، الموزع...إلخ الدار المصرية اللبنانية،
تاريخ النشر، التوزيع...إلخ 2025.
300 ## - الوصف المادي
عدد الوحدات المكونة للوعاء 399 صفحة.
336 ## - نوع المحتوى
المصدر rdacontent
مصطلح نوع المحتوى نص
كود نوع المحتوى txt
337 ## - نوع الوسيط
المصدر rdamedia
مصطلح نوع الوسيط دون وسيط عرض
كود نوع الوسيط n
338 ## - نوع الحامل
المصدر rdacarrier
مصطلح نوع الحامل مجلد
كود نوع الحامل nc
650 17 - مدخل إضافي بالموضوع - مصطلح موضوعي
مصطلح موضوعي أو اسم جغرافي كعنصر مدخل التراجم.
650 17 - مدخل إضافي بالموضوع - مصطلح موضوعي
مصطلح موضوعي أو اسم جغرافي كعنصر مدخل السيرة الذاتية.
650 17 - مدخل إضافي بالموضوع - مصطلح موضوعي
مصطلح موضوعي أو اسم جغرافي كعنصر مدخل صياغة الذهب.
942 ## - بيانات إضافية (كوها)
نوع التنصيف Dewey Decimal Classification
نوع المادة (كوها) كتب
المقتنيات
حالة السحب حالة الفقدان مصدر التصنيف حالة التلف غير قابل للإعارة المكتبة الرئيسية المكتبة الحالية موقع الرف تاريخ التزويد مصدر التزويد العملة التكلفة، سعر الشراء العادي الرقم المتسلسل Total Checkouts رقم الإستدعاء الباركود تاريخ آخر ظهور التكلفة وسعر الاستبدال تاريخ الفاتورة نوع المادة (كوها)
    Dewey Decimal Classification     مكتبة حمزة العامة مكتبة حمزة العامة الإعارة 06/01/2026 62 JOD 11.03 1799596   920 / ف ه م PLD00929287 06/01/2026 15.75 06/01/2026 كتب
Implemented & Customized by: BBB with SCIT (Smart Chains for Information Technology)

Powered by Koha